10 Biggest Cities in Order: Texas - Statistics

General Stats
  • This quiz has been taken 326 times
  • The average score is 8 of 10
Answer Stats
# Answer % Correct
1 Houston
100%
3 Dallas
97%
2 San Antonio
95%
4 Austin
94%
6 El Paso
82%
5 Fort Worth
82%
7 Arlington
59%
8 Corpus Christi
59%
9 Plano
46%
10 Laredo
39%
No matching quizzes found
Score Distribution
Percent of People with Each Score
Percentile by Number Answered
Your Score History
You have not taken this quiz